[Event "Suizo"]
[White "mserrano"]
[Black "cebravo"]
[Date "2017.02.11"]
[Result "0-1"]
[WhiteElo "1594"]
[BlackElo "1931"]

1. d2-d4 Ng8-f6 2. g2-g3 g7-g6 3. Ng1-f3 Bf8-g7 4. Bf1-g2 O-O 5. O-O d7-d6 6. c2-c3 Rf8-e8 7. Qd1-b3 c7-c6 8. Nf3-g5 d6-d5 9. c3-c4 h7-h6 10. Ng5xf7 Kg8xf7 11. c4xd5 c6xd5 12. Bg2xd5 Qd8xd5 13. Nb1-c3 Qd5xb3 14. a2xb3 Nb8-a6 15. Nc3-b5 Bc8-d7 16. Nb5-a3 e7-e5 17. Rf1-d1 Bd7-c6 18. Na3-c4 Ra8-d8 19. h2-h3 e5xd4 20. Bc1-f4 Re8xe2 21. Nc4-d6 Kf7-g8 22. Rd1xd4 Nf6-d5 23. Rd4-c4 Nd5xf4 24. Nd6xb7 Nf4xh3 25. Kg1-h2 Re2xf2 26. Kh2xh3 Bc6xb7 27. Rc4-c7 Bb7-g2 28. Kh3-g4 Na6xc7 29. Ra1xa7 Rd8-d4  0-1